000 00652nam a22002297a 4500
005 20251108171203.0
008 250721s9999 xx 000 0 ara d
082 1 4 _aط/216.531/مطر
100 1 _aمطرجي، محمود
245 1 0 _aحقوق الوالدين و الطفل /
264 1 _aبيروت :
_bأصالة للنشر،
490 0 _aسلسلة المسلم الصغير
650 1 7 _aالإسلام
650 1 7 _aالأسرة
650 1 7 _aالوالدين
650 1 7 _aالأبناء
650 1 7 _aحقوق الوالدين
650 1 7 _aالقصص
653 _aمرحلة (10-14)
942 _2ddc
_cBK
999 _c58818
_d58818